000 00930cab a2200265 4500
001 WB3428-28
008 090401t1998 xxu||||| |||| 00| 0 eng d
035 _a(Sirsi) u87565
041 _aeng
245 _aInsurers balk at millennium bug
260 _c1998
350 _a0
490 _aGuardian
_v22 July 1998, 23(1)
520 _aInsurance companies are refusing to cover Britain`s essential services against computer failure in the year 2000. Insurers are including year 2000 exclusion clauses into policies because they insist the risks are entirely predictable.
650 _aASSOCIATION OF BRITISH INSURERS
650 _aBlock management
_96220
650 _aCOMPUTERS
650 _aMANAGEMENT-BUSINESS MANAGEMENT-INFORMATION MANAGEMENT
650 _aINSURANCE COMPANIES
650 _aMILLENNIUM BUG
650 _aYEAR 2000 COMPLIANCE
690 _aInsurance
_96249
942 _n0
948 _c22/07/1998
999 _c55249
_d55249